| 000 | 01328nam a2200241Ii 4500 | ||
|---|---|---|---|
| 003 | JO-AjNU | ||
| 005 | 20240625093407.0 | ||
| 008 | 230605s9999||||xx |||||||||||||| ||und|| | ||
| 040 |
_aJO-AjNU _bara _erda _cJO-AjNU |
||
| 041 | _aara | ||
| 050 | 1 | 4 | _aHF5658.2021 |
| 100 | 1 |
_aالبدراني، عامر عصام احمد _eمعد _965575 |
|
| 245 | 0 | 0 |
_aاثر اتعاب التدقيق الخارجي على جودة القوائم المالية في الشركات الصناعية الاردنية: حجم مكاتب التدقيق كمتغير معدل = The Impact of the External Audit Fees On the Quality of the Financial Statemente in the Jordanian Industrial Companies: The Size of Audit offies As a Moderating Variable / _cاعداد عامر عصام احمد البدراني؛ اشراف علي عبدالله الزعبي |
| 264 | 3 | 1 | _a 2021 |
| 300 | _a96 ورقة | ||
| 336 |
_atext _btxt _2rdacontent |
||
| 337 |
_aunmediated _bn _2rdamedia |
||
| 338 |
_avolume _bnc _2rdacarrier |
||
| 500 | _aرسالة جامعية(اطروحة ماجستير) تخصص المحاسبة/كلية ادارة الاعمال، جامعة عجلون الوطنية، 2021 | ||
| 650 | 4 |
_aالتقارير المالية-تدقيق _962396 |
|
| 700 | 1 |
_aالزعبي، علي عبدالله _965219 _eمشرف |
|
| 942 |
_2lcc _cTHS |
||
| 999 |
_c31820 _d31820 |
||